000 00946nam a2200289Ia 4500
003 OSt
005 20220927105751.0
006 a|||||r|||| 00| 0
007 ta
008 220926b |||||||| |||| 00| 0 eng d
020 _a9788190256971
024 _a208530
037 _cReference Collections
040 _aRTL
_cRTL
_beng
041 _2eng
_aeng
082 _a"W:5, Q5/UN"
100 _aHOUSING AND LAND RIGHTS NETWORK
_9374890
110 _aHOUSING AND LAND RIGHTS NETWORK
_9374891
245 0 _aProtecting human rights in disaster response
_b Guidelines for state and non-state actors
260 _aNew
_b"Delhi, HLRN "
_c2015
300 _a34p
_ccm.
490 _aRoutledge Studies in the History of Economics
500 _aBibliography: P 127-43
700 _aHOUSING AND LAND RIGHTS NETWORK
_9374890
942 _h"W:5, Q5/UN"
_cCC
999 _c694527
_d694527